Statistiques concernant Pokémon: Les Pokémon de départ de type feu en 15 secondes

Cliquez ici pour prendre le quiz!

Statistiques générales

  • Ce quiz a été pris 24 fois
  • Le résultat moyen est 4 sur 9

Statistiques - réponses

Pokémon% Correct
Salamèche
100%
Héricendre
75%
Poussifeu
75%
Ouisticram
50%
Gruikui
42%
Flamiaou
33%
Chochodil
17%
Feunnec
17%
Flambino
0%

Distribution des résultats

Percentile par nombre de réponses

% des personnes avec chaque résultat

Votre développement - résultats

Vous n’avez pas pris ce quiz